Phê bình và tiểu luận
v.v...
Đã lưu trong:
| Tác giả chính: | |
|---|---|
| Định dạng: | Sách |
| Năm xuất bản: |
H.
Hội nhà văn
2009
|
| Chủ đề: | |
| Tags: |
Thêm thẻ
Không có thẻ, Hãy là người đầu tiên gắn thẻ bản ghi này!
|
| LEADER | 00622nam a2200181 4500 | ||
|---|---|---|---|
| 082 | |a 895.92209 |b V561TR | ||
| 100 | |a Vương Trí Nhàn | ||
| 245 | |a Phê bình và tiểu luận |c Vương Trí Nhàn | ||
| 260 | |a H. |b Hội nhà văn |c 2009 | ||
| 300 | |a 547 tr. |c 19 cm | ||
| 520 | |a v.v... | ||
| 653 | |a Văn học | ||
| 653 | |a Việt Nam | ||
| 653 | |a Phê bình văn học | ||
| 653 | |a Tiểu luận | ||
| 942 | |2 ddc |c SH | ||
| 999 | |c 2446 |d 2446 | ||
| 952 | |0 0 |1 0 |2 ddc |4 0 |6 895_922090000000000_V561TR |7 0 |8 800 |9 31556 |a qbu |b qbu |c D5 |d 2014-12-13 |g 118000 |o 895.92209 V561TR |p 3692.c1 |r 0000-00-00 |w 2014-12-13 |y SH |0 0 |6 895_922090000000000_V561TR | ||